National Bank of Greece Annual Report 1979

Salvato in:
Dettagli Bibliografici
Natura: Libro
Lingua:inglese
Pubblicazione: Athens National Bank of Greece 1980
Soggetti:
Tags: Aggiungi Tag
Nessun Tag, puoi essere il primo ad aggiungerne!!

MARC

LEADER 00000nam a2200000 4500
001 c141477
005 20221220102303.6
041 0 |a eng 
044 |a GR 
245 1 0 |a National Bank of Greece  |b Annual Report 1979 
264 1 |a Athens  |b National Bank of Greece  |c 1980 
300 |a 79 s. 
610 2 0 |a banky 
610 2 0 |a banky štátne 
610 2 0 |a banky emisné 
610 2 0 |a Grécko